[Event "I Open Odisseias"]
[Site "Lisboa POR"]
[Date "2015.08.12"]
[Round "7.8"]
[White "Guerra, Vítor"]
[Black "Pires, Emanuel"]
[Result "1-0"]
[WhiteElo "2208"]
[BlackElo "2101"]
[WhiteFideId "1901095"]
[BlackFideId "1914715"]
[WhiteTitle "NM"]
[PlyCount "91"]
[EventDate "2015.??.??"]

1. d4 d5 2. Nf3 Nf6 3. g3 c6 4. Bg2 Bf5 5. O-O h6 6. c4 e6 7. Nc3 Bd6 8. b3 O-O
9. Bb2 Nbd7 10. Nd2 Re8 11. f3 Bg6 12. e4 e5 13. exd5 exd4 14. Nce4 Nxe4 15.
Nxe4 Bxe4 16. fxe4 c5 17. Bc1 Ne5 18. Bh3 Be7 19. Qh5 Bg5 20. Bf4 g6 21. Qe2
Kg7 22. Rad1 a6 23. b4 d3 24. Bxe5+ Rxe5 25. Rxd3 cxb4 26. Rdf3 f6 27. Be6 f5
28. Qb2 Bf6 29. Qxb4 Rxe4 30. Qxb7+ Kh8 31. Qf7 Bd4+ 32. Kh1 Qf6 33. Qxf6+ Bxf6
34. c5 Rc4 35. c6 Be5 36. R1f2 Rb8 37. Re2 Bd6 38. Rb3 Rbb4 39. Bc8 a5 40. Re6
Bc5 41. Ba6 Rc1+ 42. Kg2 Rc2+ 43. Kf1 Rf2+ 44. Ke1 Rxh2 45. c7 Bf2+ 46. Kf1 1-0

[Event "I Open Odisseias"]
[Site "Lisboa POR"]
[Date "2015.08.12"]
[Round "7.9"]
[White "Morais, Vítor"]
[Black "Santos, José Alves"]
[Result "1-0"]
[WhiteElo "1969"]
[BlackElo "2182"]
[WhiteFideId "1900552"]
[BlackFideId "1900366"]
[WhiteTitle "NM"]
[BlackTitle "NM"]
[PlyCount "153"]
[EventDate "2015.??.??"]

1. b3 g6 2. Bb2 Nf6 3. e3 Bg7 4. f4 O-O 5. Nf3 c5 6. Be2 Nc6 7. O-O d6 8. d3 a5
9. Qd2 a4 10. Nc3 a3 11. Bc1 Nd5 12. d4 Nxe3 13. Qxe3 cxd4 14. Qf2 dxc3 15. Be3
Bf5 16. Bb5 Bd7 17. Bxc6 Bxc6 18. Rad1 Bxf3 19. Qxf3 b5 20. f5 b4 21. Kh1 Qa5
22. Rd5 Qc7 23. g4 Ra5 24. Rd3 Rb5 25. Bg5 h6 26. Bh4 g5 27. Bg3 Qb7 28. h4
Qxf3+ 29. Rfxf3 gxh4 30. Bxh4 Re5 31. Rfe3 Bf6 32. Bg3 Rxe3 33. Rxe3 Rc8 34.
Bf4 d5 35. Bxh6 d4 36. Rd3 e5 37. fxe6 fxe6 38. Kg2 e5 39. Kf3 Kf7 40. Ke4 Ke6
41. Rf3 Rg8 42. Rg3 Bg5 43. Bxg5 Rxg5 44. Rg2 Rg8 45. g5 Rf8 46. g6 Rg8 47. g7
Kf6 48. Rf2+ Kxg7 49. Kxe5 Rd8 50. Ke4 Kg6 51. Kd3 Kg5 52. Kc4 Kg4 53. Kxb4 Kg3
54. Re2 Kf3 55. Rh2 Ke3 56. Kxa3 Ra8+ 57. Kb4 Rxa2 58. Kc4 d3 59. Rh3+ Ke2 60.
Rxd3 Rxc2 61. Rxc3 Rd2 62. b4 Rd8 63. b5 Rb8 64. Kb4 Kd2 65. Rc7 Kd3 66. Kc5
Ke4 67. b6 Ke5 68. Kc6 Rh8 69. Rd7 Rh1 70. Re7+ Kf6 71. Re2 Rc1+ 72. Kb7 Kf7
73. Kb8 Kf6 74. b7 Kf7 75. Rb2 Ke7 76. Ka7 Ra1+ 77. Kb6 1-0

[Event "I Open Odisseias"]
[Site "Lisboa POR"]
[Date "2015.08.12"]
[Round "7.10"]
[White "Castanheira, Carlos"]
[Black "Reis, Luís Sousa"]
[Result "0-1"]
[WhiteElo "1906"]
[BlackElo "2175"]
[WhiteFideId "1946056"]
[BlackFideId "1900609"]
[BlackTitle "NM"]
[PlyCount "84"]
[EventDate "2015.??.??"]

1. e4 Nc6 2. Nf3 f5 3. d3 e5 4. g3 Nf6 5. Bg5 Bc5 6. Bg2 fxe4 7. Bxf6 Qxf6 8.
dxe4 d6 9. O-O O-O 10. Nc3 Bg4 11. Qd5+ Kh8 12. Nh4 Rf7 13. Kh1 Raf8 14. f3 Bc8
15. Na4 Be3 16. Rae1 Bg5 17. Nf5 Bxf5 18. exf5 Qxf5 19. Re4 Qd7 20. h4 Bh6 21.
c3 a6 22. b3 b5 23. Nb2 Ne7 24. Qd1 Nf5 25. Qe1 Ne7 26. Kh2 Nc6 27. Nd3 Qd8 28.
Nb4 Ne7 29. Rg4 a5 30. Nc2 c5 31. a4 b4 32. c4 Nc6 33. Ne3 Bxe3 34. Qxe3 Nd4
35. h5 Rf5 36. Rh4 R5f6 37. Bh1 Nf5 38. Qg5 h6 39. Qg4 Ne3 40. Qe4 Nxf1+ 41.
Kg2 Nd2 42. Qd3 Nxf3 0-1

[Event "I Open Odisseias"]
[Site "Lisboa POR"]
[Date "2015.08.12"]
[Round "7.11"]
[White "Viela, André"]
[Black "Garcia Dorado, Alberto"]
[Result "1/2-1/2"]
[WhiteElo "2130"]
[BlackElo "2088"]
[WhiteFideId "1903748"]
[BlackFideId "2252244"]
[WhiteTitle "NM"]
[PlyCount "109"]
[EventDate "2015.??.??"]

1. c4 c6 2. Nf3 d5 3. g3 e6 4. cxd5 exd5 5. Bg2 Nf6 6. b3 Bd6 7. Bb2 O-O 8. O-O
Nbd7 9. d3 Re8 10. Nbd2 Ne5 11. Nxe5 Bxe5 12. Bxe5 Rxe5 13. Nf3 Re8 14. b4 Qe7
15. b5 Qxe2 16. Qxe2 Rxe2 17. bxc6 bxc6 18. Rfc1 Bd7 19. Nd4 Rd2 20. Nxc6 Bxc6
21. Rxc6 Rxd3 22. Rac1 h6 23. Ra6 Ne4 24. Bxe4 dxe4 25. Rc7 Rd1+ 26. Kg2 Rd2
27. Re7 Rd4 28. h4 Kf8 29. Raxa7 Rxa7 30. Rxa7 Rd2 31. Ra8+ Ke7 32. Ra4 f5 33.
g4 e3 34. gxf5 Rxf2+ 35. Kg3 Kf6 36. Re4 Rxa2 37. Rxe3 Kxf5 38. Rb3 Ra5 39. Rc3
Rd5 40. Ra3 Kg6 41. Rb3 Kh5 42. Ra3 Rd4 43. Ra5+ g5 44. hxg5 hxg5 45. Ra3 Rg4+
46. Kh3 Rg1 47. Kh2 Rb1 48. Kg3 Rb4 49. Rc3 Rh4 50. Ra3 Rg4+ 51. Kh3 Rb4 52.
Kg3 Rb5 53. Rc3 g4 54. Ra3 Kg5 55. Rc3 1/2-1/2

[Event "I Open Odisseias"]
[Site "Lisboa POR"]
[Date "2015.08.12"]
[Round "7.12"]
[White "Fidalgo, André"]
[Black "Ferreira, Luís Pedro"]
[Result "0-1"]
[WhiteElo "1956"]
[BlackElo "2126"]
[WhiteFideId "1933620"]
[BlackFideId "1925393"]
[PlyCount "106"]
[EventDate "2015.??.??"]

1. e4 Nf6 2. e5 Nd5 3. d4 d6 4. c4 Nb6 5. exd6 cxd6 6. Nc3 Nc6 7. Be2 e5 8.
dxe5 dxe5 9. Qxd8+ Nxd8 10. Nf3 Be6 11. Nxe5 f6 12. Nf3 Nxc4 13. O-O Nc6 14.
Re1 Kf7 15. Nd2 Nxd2 16. Bxd2 Nd4 17. Rac1 Nxe2+ 18. Nxe2 Rd8 19. Rc7+ Rd7 20.
Rec1 Bd6 21. Rxd7+ Bxd7 22. Be3 a6 23. Rd1 Ke7 24. Bf4 Bc5 25. Nc3 Bc6 26. Nd5+
Kf7 27. Be3 Bxe3 28. Nxe3 Re8 29. a3 Re5 30. Rd3 Rb5 31. Rd2 Rc5 32. f3 Rc1+
33. Kf2 Rb1 34. Nc4 Ke6 35. Na5 Bd5 36. Re2+ Kd6 37. Rd2 b6 38. Nc4+ Kc5 39.
Ne3 Be6 40. f4 g6 41. Nd1 Bc4 42. Ke1 Bb3 43. g3 Kc4 44. h4 h5 45. Ke2 Bxd1+
46. Rxd1 Rxd1 47. Kxd1 Kd3 48. b4 b5 49. Kc1 Kc3 50. Kb1 Kb3 51. Kc1 Kxa3 52.
Kc2 Kxb4 53. g4 f5 0-1